000 00359 a2200169 4500
001 170683
020 _a978-85-16-08052-5
040 _cMagnum
100 _aRocha, Ruth
240 1 0 _aAtrás da porta
_lpor
245 1 0 _aAtrás da porta
300 _a30
362 0 _a2012
440 1 _aSalamandra
697 _aLITERATURA INFANTO-JUVENIL
942 _cBK
999 _c170683
_d170683